000 00819nam a2200277 a 4500
001 000003482
003 DO-SdBNP
005 20230118094811.0
007 ta
008 090709s2009 dr 001 0 spa d
020 _a9789945001976
040 _aDO-SdBNP
_bspa
_cBNPHU
082 4 _a297.5
_bY22i
_222
100 1 _aYangüela, Violeta
_910829
245 1 3 _aEl islam :
_bpoder y conflicto /
_cVioleta Yangüela.
260 _aSanto Domingo :
_bBúho,
_c2009
300 _a156 p. ;
_c22 cm.
500 _aIncluye datos biográficos de la autora en la solapa de la cubierta.
500 _aIncluye índice onomástico.
590 _aInventariado, 2022 / DG
650 4 _aMoral islamica
_910830
650 4 _aIslam
_xDoctrinas
_910831
650 4 _aIslamismo y política
_910832
910 _aDG
942 _2ddc
_cLBS1
999 _c3311
_d3311